| 000 | 00537nam a22001937a 4500 | ||
|---|---|---|---|
| 005 | 20250910131206.0 | ||
| 008 | 250909b |||||||| |||| 00| 0 eng d | ||
| 020 | _a978-81-89966-45-6 | ||
| 041 | _aEnglish | ||
| 082 | _aC 004 CLE DB1435 | ||
| 100 |
_aClement I. _9119826 |
||
| 110 |
_aSubashini S. P. _9213004 |
||
| 245 | _aHealth/ Nursing Informatics and Technology for BSc Nursing Students | ||
| 250 | _a1st ed. | ||
| 260 |
_bFrontline Publications _c2025 _aHyderabad |
||
| 300 | _a252p | ||
| 365 | _bRs.450.00 | ||
| 942 | _cDB | ||
| 999 |
_c367699 _d367699 |
||